Gaston Maspero, 1846-1916 : le gentleman egyptologue /

محفوظ في:

المؤلف الرئيسي: David, Élisabeth (مؤلف)

التنسيق: كتاب

اللغة: French

منشور في: Paris : Pygmalion/G. Watelet, c1999.

سلاسل: Bibliothèque de l'Egypte ancienne,

الموضوعات:

الوسوم: إضافة وسم

لا توجد وسوم, كن أول من يضع وسما على هذه التسجيلة!

رقم الطلب: PJ1064 .M3 D378 1999

LEADER 00820nam a22002537a 4500
003 OSt
005 20251013113537.0
008 251013t1999 fr a g b 001 0bfre d
020 |a 2857045654 
040 |c ARCE Library 
043 |a e-fr--- 
050 1 4 |a PJ1064 .M3  |b D378 1999 
100 1 |a David, Élisabeth,  |e author 
245 1 0 |a Gaston Maspero, 1846-1916 :   |b le gentleman egyptologue /   |c Elisabeth David. 
264 1 |a Paris :   |b Pygmalion/G. Watelet,   |c c1999. 
300 |a 317 pages :   |b illustrations ;   |c 22 cm. 
490 0 |a Bibliothèque de l'Egypte ancienne,   |x 1243-0099 
504 |a Includes bibliographical references and indexes. 
555 |a shimaa 
600 1 0 |a Maspero, G.  |q (Gaston),  |d 1846-1916. 
650 0 |a Egyptologists  |z France  |v Biography. 
901 |a reviewed 
942 |c BK  |2 lcc 
999 |c 24330  |d 24330